Zdroje a premena energie

Salvato in:
Dettagli Bibliografici
Autore principale: Zvara, Ján (Autore)
Natura: Libro
Lingua:slovacco
Pubblicazione: Bratislava : SVŠT v Bratislave, 1988
Edizione:2. vyd
Soggetti:
Tags: Aggiungi Tag
Nessun Tag, puoi essere il primo ad aggiungerne!!

MARC

LEADER 00000nam a22000003a 4500
001 stu76232
005 20150617225645.5
008 020621s1988----cs------------------slo-d
040 |a STU  |b slo 
041 0 |a slo 
044 |a cs 
080 |a 620.9 
100 1 |a Zvara, Ján  |4 aut 
245 1 |a Zdroje a premena energie 
250 |a 2. vyd 
260 |a Bratislava :  |b SVŠT v Bratislave,  |c 1988 
300 |a 172 s 
650 7 |a energetické zdroje  |2 stusub 
996 |b 284J008372  |c J*91616  |l JJSK  |s A  |a 24  |w stu76232_0001